Hydrothermal pretreatment of rubberwood for the saccharification process (Record no. 45988)

MARC details
000 -LEADER
fixed length control field 00459nam a2200145Ia 4500
100 ## - MAIN ENTRY--AUTHOR NAME
Personal name Petchpradab Phacharakamol
245 #0 - TITLE STATEMENT
Title Hydrothermal pretreatment of rubberwood for the saccharification process
260 ## - PUBLICATION, DISTRIBUTION, ETC. (IMPRINT)
Name of publisher Industrial & Engineering Chemistry Research
Year of publication 2009
300 ## - PHYSICAL DESCRIPTION
Number of Pages 4587-4591
700 ## - ADDED ENTRY--PERSONAL NAME
Personal name 6aMatsumara Yukihiko
700 ## - ADDED ENTRY--PERSONAL NAME
Personal name Charinpanitkul Tawatchai
700 ## - ADDED ENTRY--PERSONAL NAME
Personal name Yoshida Takuya
942 ## - ADDED ENTRY ELEMENTS (KOHA)
Koha item type Reprints
Holdings
Withdrawn status Lost status Damaged status Not for loan Home library Current library Date acquired Serial Enumeration / chronology Accession Number Koha item type
      Reprints RRII Library RRII Library 22/12/2021 Volume 48, Issue 9 P1563 Reprints